000 00265nam a22001217a 4500
082 _a158
_bHIL/R
100 _aHILL,NAPOLEON
245 _aROAD TO SUCCESS
260 _aMUMBAI
_bJAICO BOOKS
300 _a132
650 _aPERSONALITY DEVELOPMENT
_zMUMBAI
942 _cBK
999 _c5322
_d5322